Volleyball
| Main Author: | |
|---|---|
| Format: | Book |
| Published: |
London :
Blandford ,
1995
|
| Series: | Play the game
|
| Subjects: |
MARC
| LEADER | 00000cam a2200000 7i4500 | ||
|---|---|---|---|
| 001 | 0000016650 | ||
| 002 | 000018171 | ||
| 005 | 20000330.0 | ||
| 020 | |a 0713724404 | ||
| 090 | 0 | 0 | |a 796.325 |b BUL |
| 100 | 1 | |a Bulman, George | |
| 245 | 1 | 0 | |a Volleyball |c George Bulman |
| 260 | |a London : |b Blandford , |c 1995 | ||
| 300 | |a 80 p. : |b ill. ; |c 23cm. | ||
| 490 | 0 | |a Play the game | |
| 650 | 0 | 0 | |a Volleyball |x Handbooks, manuals, etc |
| 999 | |a 00069067 |b BUKU |c PINJAMAN |e PERPUSTAKAAN KOMUNITI PETALING JAYA | ||
| 999 | |a 00069068 |b BUKU |c PINJAMAN |e PERPUSTAKAAN KOMUNITI PETALING JAYA | ||